书目信息 |
| 题名: |
卫星移动通信
|
|
| 作者: | 胡健栋 , 全庆一 著 | |
| 分册: | ||
| 出版信息: | 北京 北京邮电大学出版社 |
|
| 页数: | 187页 | |
| 开本: | 26cm | |
| 丛书名: | 现代移动通信应用技术丛书 | |
| 单 册: | ||
| 中图分类: | TN927 | |
| 科图分类: | ||
| 主题词: | 航天通信 | |
| 电子资源: | ||
| ISBN: | 7-5635-0467-2 | |
| 000 | 00664nam0 2200217 450 | |
| 001 | 0753000375 | |
| 005 | 20071012144320.37 | |
| 010 | @a7-5635-0467-2@d¥21.00 | |
| 100 | @a20071012d km y0chiy0120 ea | |
| 101 | 0 | @achi |
| 200 | 1 | @a卫星移动通信@Awei xing yi dong tong xin@f全庆一,胡健栋等著@Fquan qing yi,hu jian dong deng zhu |
| 210 | @a北京@c北京邮电大学出版社 | |
| 215 | @a187页@d26cm | |
| 225 | 2 | @a现代移动通信应用技术丛书 |
| 410 | 0 | @12001 @a现代移动通信应用技术丛书 |
| 606 | 0 | @a航天通信 |
| 690 | @aTN927@v3 | |
| 701 | 0 | @a胡健栋@Ahu jian dong@4著 |
| 701 | 0 | @a全庆一@Aquan qing yi@4著 |
| 801 | 0 | @aCN@bPFT@c20071012 |
| 905 | @a213230@dTN927@eS26@f1 | |
| 卫星移动通信/全庆一,胡健栋等著.-北京:北京邮电大学出版社 |
| 187页;26cm.-(现代移动通信应用技术丛书) |
| ISBN 7-5635-0467-2:¥21.00 |
| ● |
| 相关链接 |
|
|
|
|
正题名:卫星移动通信
索取号:TN927/S26
 
预约/预借
| 序号 | 登录号 | 条形码 | 馆藏地/架位号 | 状态 | 备注 |
| 1 | 6704605 | 267046056 | 数信系资料室/ [索取号:TN927/S26] | 在馆 |